Slovenská pivná korunka

Už osem rokov hodnotí odborná porota kvalitu pív vyrábaných na Slovensku. Výsledky hodnotenia 84 vzoriek piva zo 17 pivovarov.

Gespeichert in:
Bibliographische Detailangaben
Format: Buchkapitel
Sprache:Slowakisch
Schlagworte:
Tags: Tag hinzufügen
Keine Tags, Fügen Sie das erste Tag hinzu!

MARC

LEADER 00000naa a2200000 4500
001 0190851
005 20240417075045.9
041 0 |a slo 
044 |a SK 
245 1 0 |a Slovenská pivná korunka 
520 |a Už osem rokov hodnotí odborná porota kvalitu pív vyrábaných na Slovensku. Výsledky hodnotenia 84 vzoriek piva zo 17 pivovarov. 
610 2 0 |a pivovarníctvo 
610 2 0 |a pivo 
610 2 0 |a kvalita 
610 2 0 |a pivovary 
610 2 0 |a Slovensko